Voyages en Egypte /
محفوظ في:
المؤلف الرئيسي:
مؤلفون آخرون: ,
التنسيق: كتاب
اللغة: French
منشور في:
Paris :
Editions du Chêne,
2003.
الموضوعات:
الوسوم: إضافة وسم
لا توجد وسوم, كن أول من يضع وسما على هذه التسجيلة!
رقم الطلب: DT47 .S40 2003
| LEADER | 00906nam a2200289Mi 4500 | ||
|---|---|---|---|
| 001 | 11140 | ||
| 003 | OSt | ||
| 005 | 20250515085059.0 | ||
| 008 | 130303s2003 fr a 001 0 fre d | ||
| 020 | |a 2842774515 (hdc.) | ||
| 040 | |c ARCE Library | ||
| 043 | |a f-ua--- | ||
| 050 | 4 | |a DT47 .S40 2003 | |
| 100 | 1 | |a Solé, Robert, |e author | |
| 245 | 1 | 0 | |a Voyages en Egypte / |c Robert Solé ; Marc Walter, Sabine Arqué. |
| 264 | 1 | |a Paris : |b Editions du Chêne, |c 2003. | |
| 300 | |a 319 pages : |b illustrations (some color) ; |c 27 cm. | ||
| 500 | |a Includes index. | ||
| 650 | 0 | |a Tourism |z Egypt |x History |v Pictorial works. | |
| 651 | 0 | |a Egypt |v Pictorial works. | |
| 651 | 0 | |a Egypt |x Description and travel |v Early works to 1800. | |
| 651 | 0 | |a Egypt |x History |v Pictorial works. | |
| 700 | 1 | |a Arqué, Sabine. |9 25660 | |
| 700 | 1 | |a Walter, Marc, |d 1949- | |
| 901 | |a reviewed | ||
| 942 | |c BK |2 lcc | ||
| 999 | |c 12617 |d 12617 | ||
